Statistiche per Bandiere nazionali #3

Clicka qui per fare il quiz!

Statistiche generali

  • Questo quiz è stato fatto 618 volte
  • Il punteggio medio è 16 su 20

Statistiche sulle risposte

Answer % Correct
Albania
99%
Polonia
89%
Colombia
89%
Egitto
88%
Libano
87%
Venezuela
86%
Kenya
85%
Georgia
85%
Corea del Nord
84%
Pakistan
81%
Panama
81%
Malesia
80%
Bangladesh
76%
Sri Lanka
76%
Bhutan
73%
Singapore
72%
Trinidad e Tobago
72%
Afghanistan
70%
Libia
68%
Tanzania
59%

Distribuzione punteggi

Percentile per numero di risposta

Percentuale di utenti per punteggio

I tuoi punteggi nel tempo

Non hai fatto questo quiz